| 000 | 00777nam a2200265 i 4500 | ||
|---|---|---|---|
| 001 | 18175 | ||
| 003 | BD-RjUL | ||
| 005 | 20211209000240.0 | ||
| 008 | 140219s1964 enk b 001 0 eng | ||
| 035 | _a(OCoLC)243969 | ||
| 035 | _a(BD-RjUL)18233 | ||
| 040 |
_aCU _cCU _dCU _dBD-RjUL _beng |
||
| 041 | _aeng | ||
| 082 | 0 | 0 |
_a820.023 _bSAP 1964 |
| 100 | 1 |
_aSaunders, J. W., _955961 |
|
| 245 | 1 | 4 |
_aThe profession of English letters / _cby J. W. Saunders. |
| 260 |
_aLondon : _bRoutledge and Kegan Paul, _c1964. |
||
| 300 |
_avi, 266 p. ; _c22 cm. |
||
| 504 | _aBibliography: p. 249-256. and index. | ||
| 650 | 0 |
_aEnglish literature _xHistory and criticism. _955962 |
|
| 650 | 0 |
_aAuthorship. _955963 |
|
| 942 |
_2ddc _cBK |
||
| 999 |
_c18175 _d18175 |
||